Správa o menovom vývoji v Slovenskej republike za 1. polrok 1993. 1

1. časť Správy: Menový vývoj (peňažná zásoba, úvery a vklady, úrokové miery, platobná bilancia, devízové rezervy, dlhová služba, rozpočtové hospodárenie, peňažný a kapitálový trh). Bankový sektor. Menová politika.

Salvato in:
Dettagli Bibliografici
Natura: Capitolo di libro
Lingua:slovacco
Soggetti:
Tags: Aggiungi Tag
Nessun Tag, puoi essere il primo ad aggiungerne!!

MARC

LEADER 00000naa a2200000 4500
001 r000581
005 20221205080724.1
041 0 |a slo 
044 |a SK 
245 1 0 |a Správa o menovom vývoji v Slovenskej republike za 1. polrok 1993. 1 
520 |a 1. časť Správy: Menový vývoj (peňažná zásoba, úvery a vklady, úrokové miery, platobná bilancia, devízové rezervy, dlhová služba, rozpočtové hospodárenie, peňažný a kapitálový trh). Bankový sektor. Menová politika. 
610 2 0 |a mena 
610 2 0 |a politika menová 
610 2 0 |a Slovensko 
610 2 0 |a 1993 
610 2 0 |a január-jún 
610 2 0 |a údaje štatistické 
610 2 0 |a bankovníctvo